| 000 | 00428cam a2200169ua 4500 | ||
|---|---|---|---|
| 020 | _c2.25 | ||
| 041 |
_ahin _h |
||
| 082 |
_a891.54 _bKRI/BH |
||
| 100 | _aKrishna Dev, Upadhyaya . | ||
| 245 |
_aBhojpuri aur uska sahithya / _cKrishna Dev upadhyaya. _hTextual Documents |
||
| 260 |
_aDelhi : _bRajkamal Prakashan , _c1957. |
||
| 300 | _a151 ; . | ||
| 365 | _a2.25 | ||
| 504 | _a | ||
| 942 | _cBK | ||
| 999 |
_c12498 _d12498 |
||